000 00316nam a22001337a 4500
008 170918b xxu||||| |||| 00| 0 eng d
020 _a9780471577836
041 _aeng
080 _23RD
_a7
100 _a44
101 _aART
245 _aREMOTE SENSING AND IMAGE INTERPRETATION
_cLILSENAD,TH.M
942 _2udc
_cBK
999 _c27921
_d27921